You can trust the Communists /

Saved in:
Bibliographic Details
Main Author: Schwarz, Frederick Charles
Format: Book
Language:English
Published: Brisbane : Jacaranda Press, 1961.
Subjects:
LEADER 00838nam a2200229 a 4500
001 c000342897
003 CARM
005 19990505000000.0
008 850306s1961 qea 001 0 eng d
019 1 |a 3724973  |z 45083718  |z 26509194  |z 23926773  |5 LACONCORD2021 
035 |a (OCoLC)215940512  |5 LACONCORD2021 
040 |a NUN  |b eng  |c NUN  |d XNTU 
082 1 4 |a 335.43  |2 19 
100 1 |a Schwarz, Frederick Charles. 
245 1 0 |a You can trust the Communists /  |c by Fred Schwarz. 
260 |a Brisbane :  |b Jacaranda Press,  |c 1961. 
300 |a 172 p. ;  |c 22 cm. 
500 |a Includes index. 
650 0 |a Communism. 
852 8 |b CARM  |h A1:AM32F0  |i B09742  |p 0440570  |f BK 
999 f f |i 624e50ae-7e61-5940-81e3-a7cb79e872ab  |s b1f530ed-a3ed-5923-b5a5-cbcabc69f3d7 
952 f f |p Can circulate  |a CAVAL  |b CAVAL  |c CAVAL  |d CARM 1 Store  |e B09742  |f A1:AM32F0  |h Other scheme  |i book  |m 0440570